004430000a220014500045000410008000000820022000081000017000302450098000472600048001453000011001930010005002043360027002093370033002363380028002690 aENG04aG 266.0092 M6951s1 aMoff, Robert10aThe story of Robert Moffat and his noble work among the natives of South Africa / Robert Moff aKilmarnock, Scotland : Christian Literature a40 Pag7543 atextobtxt2rdacontent 2rdamediaasin mediaciónbn 2rdacarrieravolumenbnc